• 首页
  • 本馆介绍
  • 公告通知
  • 最新文献
  • 馆藏检索
  • 电子资源
  • 读者导购
  • 参考咨询
  • 我的图书馆
  • 登录
  • 详细信息显示
  • 放入我的书架
  • 预约/预借图书
  • 作者相关作品
  • 分类相关作品
  • 丛书相关作品
  • 出版社相关作品

书目信息

  • 表格格式
  • 工作单格式
  • 卡片格式
题名:
工业机器人技术及应用(KUKA)项目化教程
    
 
作者: 马志敏 主编
分册:  
出版信息: 北京   化学工业出版社  2017.7
页数: 246页
开本: 26cm
丛书名:
单 册:
中图分类: TP242.2
科图分类:
主题词: 工业机器人--高等职业教育--教材
电子资源:
ISBN: 978-7-122-29576-7
000 00923nam0 2200241 450
001 0400002885
005 20171021153135.0
010    @a978-7-122-29576-7@dCNY35.00
100    @a20171018d2017 em y0chiy50 ea
101 0  @achi
102    @aCN@b110000
105    @aa z 000yy
106    @ar
200 1  @a工业机器人技术及应用(KUKA)项目化教程@9gong ye ji qi ren ji shu ji ying yong (KUKA) xiang mu hua jiao cheng@f马志敏主编
210    @a北京@c化学工业出版社@d2017.7
215    @a246页@c图@d26cm
300    @a高职高专工业机器人技术专业规划教材
330    @a本书用五个项目十个任务,介绍了工业机器人技术,主要内容包括认识工业机器人、使用库卡工业机器人软件、库卡工业机器人的零点标定及相关测量、库卡工业机器人的编程和课程设计。
606 0  @a工业机器人@x高等职业教育@j教材
690    @aTP242.2@v5
701  0 @a马志敏@9ma zhi min@c(职业教育)@4主编
801  0 @aCN@b91MARC@c20171021
905    @b1032875-9@dTP242.2@f5@e212
    
    工业机器人技术及应用(KUKA)项目化教程/马志敏主编.-北京:化学工业出版社,2017.7
    246页:图;26cm
    高职高专工业机器人技术专业规划教材
    
    ISBN 978-7-122-29576-7:CNY35.00
    本书用五个项目十个任务,介绍了工业机器人技术,主要内容包括认识工业机器人、使用库卡工业机器人软件、库卡工业机器人的零点标定及相关测量、库卡工业机器人的编程和课程设计。
●
相关链接 在E读中查询图书 在五车中查询图书 在当当中查询图书 在豆瓣中查询图书


正题名:工业机器人技术及应用(KUKA)项目化教程     索取号:TP242.2/212         预约/预借

序号 登录号 条形码 馆藏地/架位号 状态 备注
1 1032875   210328750   第二样本阅览室/ [索取号:TP242.2/212] 在馆    
2 1032876   210328769   密集书库—计算机科学学院/ [索取号:TP242.2/212] 在馆    
3 1032877   210328778   第三借阅区/ [索取号:TP242.2/212] 在馆    
4 1032878   210328787   第三借阅区/ [索取号:TP242.2/212] 在馆    
5 1032879   210328796   第三借阅区/ [索取号:TP242.2/212] 在馆    
唐山师范学院图书馆 欢迎您!
大连网信软件有限公司© 版权所有